| 000 | 00734nam a2200253 a 4500 | ||
|---|---|---|---|
| 001 | BRCA_7632 | ||
| 005 | 20190320205924.0 | ||
| 008 | 090713s1939----sz-a######---#000-0#fre-# | ||
| 041 | _afre | ||
| 044 | _asz | ||
| 050 | 4 |
_aN3450 _b.Ch44 1939 |
|
| 245 | 1 | 0 |
_aLes chefs-d´oeuvre du Musée du Prado _bexposition. |
| 260 |
_aGinebra, Suiza _bMusée d´Art et d´Histoire _c1939 |
||
| 300 |
_a29 p. _bil. _c25 cm. |
||
| 440 | 0 |
_aVille de Géneve _918828 |
|
| 500 | _aT47 | ||
| 610 | 2 | 4 |
_aMuseo del Prado (Madrid) _911074 |
| 650 | 1 | 4 |
_aPintura _vExposiciones _913980 |
| 650 | 1 | 4 |
_aPintura _zMadrid _918829 |
| 650 | 1 | 4 |
_aGalerías y museos _zEspaña _97331 |
| 650 | 1 | 4 |
_aGalerías y museos _zSuiza _910728 |
| 902 | _aGFM | ||
| 942 |
_2lcc _cB |
||
| 999 |
_c7306 _d7306 |
||